| 000 | 01416nam0a2200289 4500 | ||
|---|---|---|---|
| 001 | RU\NLR\BIBL_A\010734165 | ||
| 005 | 20250614092316.0 | ||
| 035 | _a(NLR Aleph) 010734165 | ||
| 090 |
_a9875344 _c9875344 |
||
| 100 | _a20150420d1935 |||y0rusy50 ca | ||
| 101 | 0 | _asah | |
| 102 | _aRU | ||
| 105 | _ay z 000 y | ||
| 200 | 1 |
_aХомунйуус интернассийэнээлин ситэриилээх кэмитэтин үлэтин туһунан отчуот _eот ыйын 26 к. 1935 с. _fБ. Пиик |
|
| 210 |
_aДьокуускай _cСудаарыстыба Саха сиринээҕи бэчээтиир суута _d1935 |
||
| 215 |
_a118,[2] с. _d20 |
||
| 225 | 1 | _aХомунйуустуу интернэссийэнээл бүтүн аан дойдутааҕы кэнгириэһэ | |
| 300 | _aЛатин. графика | ||
| 541 | 1 |
_aОтчет о деятельности исполнительного Комитета Коммунистического Интернационала на VII-ом Всемирном Конгрессе _zrus |
|
| 601 | 0 | 2 |
_aКоммунистический интернационал _91187020 _3RU\NLR\AUTH\66478513 |
| 686 | 1 | _aФ61(0)61 | |
| 700 | 1 |
_aПик _bВ. _f1876-1960 _gВильгельм _4070 |
|
| 852 |
_aNLR _bОНЛ _jЯкут./3-213 |
||
| 852 |
_aNLR _bОНЛ _jЯкут./3-213 |
||
| 942 | _cBOOK | ||
| 980 | _aNB | ||